<?xml version="1.0" encoding="UTF-8"?>
<collection xmlns="http://www.loc.gov/MARC21/slim">
    <record>
        <controlfield tag="001">40354</controlfield>
        <controlfield tag="005">20170831220354.0</controlfield>
        <datafield tag="037" ind1=" " ind2=" ">
            <subfield code="a">GDOC-2013-3148</subfield>
        </datafield>
        <datafield tag="041" ind1=" " ind2=" ">
            <subfield code="a">spa</subfield>
        </datafield>
        <datafield tag="100" ind1=" " ind2=" ">
            <subfield code="0">(orcid)0000-0003-1512-4500</subfield>
            <subfield code="a">Coronas Ceresuela, Joaquín</subfield>
        </datafield>
        <datafield tag="245" ind1="0" ind2="0">
            <subfield code="9">69132</subfield>
            <subfield code="a">Assembly and fabrication of nanostructures</subfield>
        </datafield>
        <datafield tag="260" ind1=" " ind2=" ">
            <subfield code="a">Zaragoza</subfield>
            <subfield code="b">Universidad de Zaragoza</subfield>
            <subfield code="c">2013-2014</subfield>
        </datafield>
        <datafield tag="520" ind1=" " ind2=" ">
            <subfield code="a">A brief introduction to the subject As a continuation of the previous module, here the necessary basic chemistry concepts are introduced to make the molecular self-assembly and self-organisation processes understandable as they let students make practical use of this chemistry to the benefit of the production of structures of interest in Nanoscience and Nanotechnology. A brief description of the contents of this subject includes: Nanomaterials, nanostructures and their production: nanoparticles, quantum points, nanotubes, nanothreads, nanosheets, nanocomposites, polymers, dendrimers and liposomes. Hierarchical self-assembly and molecular self-organisation: supramolecular nanostructures, growth by biochemical self-assembly, etc. Surface chirality. Nanostructure functionalization. Inorganic layers.   The theory classes are complemented by six practical sessions including:   1.-  Nanotube synthesis 2.-  Synthesis of magnetic nanoparticles in solution 3.-  Growth of layers 4.-  Assembly in nanostructure production 5.- Preparation of block co-polymer micelle aggregates 6.- Supramolecular Chemistry; self-assembled anisotropic stages: liquid crystals.</subfield>
        </datafield>
        <datafield tag="521" ind1=" " ind2=" ">
            <subfield code="9">674</subfield>
            <subfield code="a">Máster Universitario en Erasmus Mundus en Ingeniería de Membranas</subfield>
        </datafield>
        <datafield tag="540" ind1=" " ind2=" ">
            <subfield code="a">by-nc-sa</subfield>
            <subfield code="b">Creative Commons</subfield>
            <subfield code="c">3.0</subfield>
            <subfield code="u">http://creativecommons.org/licenses/by-nc-sa/3.0/</subfield>
        </datafield>
        <datafield tag="700" ind1=" " ind2=" ">
            <subfield code="9">(orcid)0000-0002-7854-6316</subfield>
            <subfield code="a">Giménez Soro, Raquel</subfield>
        </datafield>
        <datafield tag="700" ind1=" " ind2=" ">
            <subfield code="9">(orcid)0000-0003-3165-0156</subfield>
            <subfield code="a">Arruebo Gordo, Manuel</subfield>
        </datafield>
        <datafield tag="700" ind1=" " ind2=" ">
            <subfield code="9">(orcid)0000-0002-4758-9380</subfield>
            <subfield code="a">Mallada Viana, María Reyes</subfield>
        </datafield>
        <datafield tag="700" ind1=" " ind2=" ">
            <subfield code="9">(orcid)0000-0002-0922-5615</subfield>
            <subfield code="a">Oriol Langa, Luis Teodoro</subfield>
        </datafield>
        <datafield tag="700" ind1=" " ind2=" ">
            <subfield code="9">(orcid)0000-0001-7091-077X</subfield>
            <subfield code="a">Sierra Tavieso, Maria Teresa</subfield>
        </datafield>
        <datafield tag="700" ind1=" " ind2=" ">
            <subfield code="9">(orcid)0000-0001-5556-2172</subfield>
            <subfield code="a">Piñol Lacambra, Milagros</subfield>
        </datafield>
        <datafield tag="700" ind1=" " ind2=" ">
            <subfield code="9">(orcid)0000-0002-4546-4111</subfield>
            <subfield code="a">Hueso Martos, José Luis</subfield>
        </datafield>
        <datafield tag="700" ind1=" " ind2=" ">
            <subfield code="9">(orcid)0000-0002-4931-1358</subfield>
            <subfield code="a">Urbiztondo Castro, Miguel Ángel</subfield>
        </datafield>
        <datafield tag="700" ind1=" " ind2=" ">
            <subfield code="9">(orcid)0000-0002-6873-5244</subfield>
            <subfield code="a">Sebastián Cabeza, Victor</subfield>
        </datafield>
        <datafield tag="700" ind1=" " ind2=" ">
            <subfield code="9">(orcid)0000-0002-2436-1041</subfield>
            <subfield code="a">Lobera González, María Pilar</subfield>
        </datafield>
        <datafield tag="700" ind1=" " ind2=" ">
            <subfield code="9">(orcid)0000-0001-5512-0075</subfield>
            <subfield code="a">Balas Nieto, Francisco</subfield>
        </datafield>
        <datafield tag="700" ind1=" " ind2=" ">
            <subfield code="9">(orcid)0000-0001-7872-6301</subfield>
            <subfield code="a">Martínez Martínez, Gema</subfield>
        </datafield>
        <datafield tag="830" ind1=" " ind2=" ">
            <subfield code="9">472</subfield>
        </datafield>
        <datafield tag="856" ind1="4" ind2=" ">
            <subfield code="s">102177</subfield>
            <subfield code="u">http://zaguan.unizar.es/record/40354/files/guia.pdf</subfield>
            <subfield code="y">Guía (idioma español)</subfield>
        </datafield>
        <datafield tag="980" ind1=" " ind2=" ">
            <subfield code="a">GDOC</subfield>
            <subfield code="b">Ciencias</subfield>
            <subfield code="c">100</subfield>
        </datafield>
    </record>

    
</collection>